000 00387cam a2200169ua 4500
020 _c3.00
041 _ahin
_h
082 _a891.54
_bPRE/SA
100 _aPremchand, .
245 _aSangram /
_cPremchand.
_hTextual Documents
260 _aNew Delhi :
_bSaraswathi Press ,
_c1962.
300 _a200 ; .
365 _a3.00
504 _a
942 _cBK
999 _c8277
_d8277